| 000 | 01476nam a22002297a 4500 | ||
|---|---|---|---|
| 999 |
_c60371 _d60371 |
||
| 003 | Ge_BSU | ||
| 005 | 20230706123616.0 | ||
| 008 | 230706s2006ge xxu||||| |||| 00| 0 geo d | ||
| 020 | _a9994058630 | ||
| 041 | _ageo | ||
| 080 | _a94(395.4) გ-19 | ||
| 100 |
_aგამყრელიძე, გელა, ავტორი. _919177 |
||
| 245 |
_aრომის სამხედრო-პოლიტიკური ექსპანსია საქართველოში = Military-political expansion of Rome in Georgia / _cგელა გამყრელიძე [რედ. გრანი ქავთარია]. |
||
| 264 |
_aთბილისი : _c 2006. |
||
| 300 |
_a191 გვ. ; _b20 სმ. |
||
| 504 | _aწიგნს ახლავს ავტ. მინაწ. ბიბლიოგრ.: გვ. 147-163. | ||
| 653 | _aსაქართველო-ძველი რომის ურთიერთობების ისტორია. ძველი რომის სამხედრო | ||
| 653 | _aსაქართველოს ახალი ისტორია. ძველი რომის ისტორია. | ||
| 700 |
_aქავთარია, გრანი _eრედაქტორი _915333 |
||
| 856 |
_uhttps://dspace.nplg.gov.ge/bitstream/1234/401728/1/RomisSamxedroPloitikuriEqspansiaSaqartveloshi.pdf _yელექტრონული ვერსია |
||
| 942 |
_2udc _cBK |
||